header

Asia and Europe (Record no. 2800)

MARC details
000 -LEADER
fixed length control field 01416nam a2200337 a 4500
082 04 - DEWEY DECIMAL CLASSIFICATION NUMBER
Classification number 327.504
100 1# - MAIN ENTRY--AUTHOR NAME
Personal name Koh, Tommy T. B.
245 10 - TITLE STATEMENT
Title Asia and Europe
260 ## - PUBLICATION, DISTRIBUTION, ETC. (IMPRINT)
Place of publication Singapore ;
-- River Edge, NJ :
Name of publisher World Scientific Pub. :
-- Asia-Europe Foundation,
Year of publication c2000.
300 ## - PHYSICAL DESCRIPTION
Number of Pages xx, 173 p., [20] p. of plates :
Other physical details ill. (some col.).
700 1# - ADDED ENTRY--PERSONAL NAME
Personal name Yeo, Lay Hwee.
Personal name Asad Latif.
856 40 - ELECTRONIC LOCATION AND ACCESS
Uniform Resource Identifier http://site.ebrary.com/lib/rucke/Doc?id=5000417

No items available.

© 2026 Rongo University
Contact us: librarian | system librarian | Rongo university